000 01001nmm a2200277Ia 4500
008 251105s9999||||xx |||||||||||||||||und||
020 _a9789587813500
041 _aspa
100 _aVillamizar Salamanca, Carlos
245 0 _aPolíticas, espacios y prácticas de memoria: Disputas y tránsitos actuales en Colombia y América Latina
264 _a[Bogotá, Colombia] :
_bEditorial Pontificia Universidad Javeriana,
_c2019
300 _a326 páginas
650 _aHistory of the Americas: Latin America
700 _aVillamizar Salamanca, Carlos
700 1 _a Jaramillo Marín, Jefferson
700 1 _a Pérez Benavides, Amada Carolina
700 1 _a Rufer, Mario
700 1 _a Torres, Johanna Paola
700 1 _a Vargas Álvarez, Sebastián
700 1 _a Escobar Neira, Fernando
700 1 _a González, Gabriela
700 1 _a Acevedo Arango, Óscar Fernando
700 1 _a Guarín Martínez, O
856 _uhttps://public.digitaliapublishing.com/a/60656
942 _cCF
999 _c72424
_d72424